000 00710nam a22002417a 4500
005 20170124110015.0
010 _a118272
020 _c12.50
035 _a118272
037 _bCen Lib/Ret
040 _aDPL
_bEN
082 _a336.271
_bAGA
100 _aAgarwala, S.K.
_98509
245 _aCentral sales tax act :
_cby S. K. Agarwala
_bact 74 of 1956 /
260 _aAllahabad
_bCentral Law Agency
_c1957
270 _aUniversity Road
_bAllahabad
300 _aVarious pages
_c22cm(Hb)
490 _aLaw and practice series
500 _aIncludes index
650 _aSales tax
_911880
650 _aSales tax--Law and legislation
_zIndia
_918633
942 _2ddc
_cEN
_h336.271
_mAGA
999 _c126844
_d126844